| 000 | 00431nam a22001577a 4500 | ||
|---|---|---|---|
| 080 | _a347.957 B 272 | ||
| 100 | _aBarrancos y Vedia, Fernando N. | ||
| 245 | _aRecurso Extraodinario y Gravedad Instuticional | ||
| 260 |
_aBuenos Aires _bAbeledo Perrot _c1969 |
||
| 300 | _a189 P. | ||
| 650 | _xrecurso extraordinario | ||
| 650 | _xgravedad institucional | ||
| 650 | _xcaso Jorge Antonio | ||
| 945 |
_acd _d2015-06-11 |
||
| 999 |
_c4013 _d234517 |
||
| 942 | _6_ | ||